000 00370cam a2200121 a 4500
082 0 0 _a355.1
_bBHA
_cL-30-II, P-146
100 1 _aBhagat, P. S.
_948726
245 1 3 _aAn army commander's red diary /
_cP.S. Bhagat.
260 _aNew Delhi :
_bLancer International,
_c1986.
300 _a99 p. :
_bill. ;
_c25 cm.
526 _a0
_b0
_c0
_d355_100000000000000_BHA
942 _2ddc
_cBK
999 _c551580
_d551580